Text Book of Physical Chemistry (Record no. 38646)

MARC details
000 -LEADER
fixed length control field 00421nam a2200133Ia 4500
008 - FIXED-LENGTH DATA ELEMENTS--GENERAL INFORMATION
fixed length control field 211109s9999||||xx |||||||||||||| ||und||
082 ## - DEWEY DECIMAL CLASSIFICATION NUMBER
Classification number 541
Item number GLA-T
100 ## - MAIN ENTRY--PERSONAL NAME
Personal name Glasstone, Samuel
245 #0 - TITLE STATEMENT
Title Text Book of Physical Chemistry
260 ## - PUBLICATION, DISTRIBUTION, ETC.
Name of publisher, distributor, etc. Prentice-Hall
Place of publication, distribution, etc. India
Date of publication, distribution, etc. 1980
630 ## - SUBJECT ADDED ENTRY--UNIFORM TITLE
General subdivision GENERAL STACK
650 ## - SUBJECT ADDED ENTRY--TOPICAL TERM
Topical term or geographic name entry element NATURAL SCIENCES & MATHEMATICS
942 ## - ADDED ENTRY ELEMENTS (KOHA)
Koha item type BOOK
650 ## - SUBJECT ADDED ENTRY--TOPICAL TERM
Form subdivision CHRISTIANITY &CHRISTIAN THEOLOGY
General subdivision PHYSICAL CHEMISTRYChemistry
Holdings
Withdrawn status Lost status Damaged status Not for loan Home library Current library Date acquired Cost, normal purchase price Total Checkouts Full call number Barcode Shelving location Date last seen Price effective from Koha item type
        SB LIBRARY SB LIBRARY 09/11/2021 50.00   541 GLA-T 00080175 GENERAL STACK 09/11/2021 09/11/2021 BOOK

Powered by Koha